Ghairah cemburu & kebencian terhadap Islam

Bibliographic Details
Main Author: Hamka
Format: Book
Published: Selangor : Crescent News (K.L) Sdn. Bhd , 2003
Subjects:

MARC

LEADER 00000cam a2200000 7i4500
001 0000045797
005 20150305.0
008 150215
020 |a 9789839422504 
090 0 0 |a 297.5   |b HAM 
100 0 |a Hamka 
245 1 0 |a Ghairah cemburu & kebencian terhadap Islam   |c Prof. Dr. Hamka 
260 |a Selangor :   |b Crescent News (K.L) Sdn. Bhd ,   |c 2003 
650 0 |a Islam   |x Doctrines 
650 0 |a Jealousy   |x Religious aspects   |x Islam 
650 0 |a Values (Islam) 
999 |a 0001331389   |b Book   |c Adult Collection   |e Cawangan Segamat 
999 |a 0001331392   |b Book   |c Adult Collection   |e Cawangan Tmn. Ungku Tun Aminah 
999 |a 0001331393   |b Book   |c Adult Collection   |e Cawangan Pontian 
999 |a 0001331394   |b Book   |c Adult Collection   |e Cawangan Batu Pahat 
999 |a 0001331397   |b Book   |c Adult Collection   |e Cawangan Mersing 
999 |a 0001335564   |b Book   |c Adult Collection   |e Cawangan Urban Transformation Centre